Asignatura juvenil: guía profesor-a jefe-a

Saved in:
Bibliografiske detaljer
Hovedforfatter: Irrazabal Moya, Raúl (autor)
Andre forfattere: Oyarzún Chicuy, Astrid A. (autora)
Format: Bog
Sprog:spansk
Udgivet: Viña del Mar CIDPA 2001
Udgivelse:6a. ed
Fag:
Tags: Tilføj Tag
Ingen Tags, Vær først til at tagge denne postø!

MARC

LEADER 00000nam a2200000 a 4500
001 UCK7474
003 CL-VaPUC
008 051125e20010000CL |||||||||||||||||spa|d
082 0 4 |a 371.83  |b IRR  |2 21 
100 |a Irrazabal Moya, Raúl  |e autor  |9 519730 
700 |a Oyarzún Chicuy, Astrid A.  |e autora  |9 745423 
245 1 0 |a Asignatura juvenil: guía profesor-a jefe-a 
250 |a 6a. ed 
300 |a 29 p 
942 |c BK 
945 |d 20051125 00:00:00  |a cmena 
260 |a Viña del Mar  |b CIDPA  |c 2001 
650 0 |a Rol del docente  |9 329733 
650 7 |a PARTICIPACION DEL ALUMNO  |2 CL-VaPUC  |9 339407 
650 0 |a Sociología de la educación   |9 260380 
650 0 |a Integración social  |9 319662 
650 0 |a Juventud  |9 271073 
583 |a last modification  |c 20051125 00:00:00  |k Rodrigo Vera 
999 |c 315384  |d 315382 
952 |0 0  |1 0  |4 0  |6 371_830000000000000_IRR_2001  |7 0  |8 A  |9 388574  |a BIBEDU  |b BIBEDU  |d 2019-11-22  |i 4187989  |o 371.83 IRR 2001  |p 4187989  |r 2019-11-22  |w 2019-11-22  |y BK  |k EBA 
952 |0 0  |1 0  |4 0  |6 371_830000000000000_IRR_2001  |7 0  |8 A  |9 388575  |a BIBEDU  |b BIBEDU  |d 2019-11-22  |i 4187997  |o 371.83 IRR 2001  |p 4187997  |r 2019-11-22  |w 2019-11-22  |y BK  |k EBA